[Event "Marseille op 4th"]
[Site "Marseille"]
[Date "2011.12.27"]
[Round "4"]
[White "Flores, Francisco"]
[Black "Mohammed, Gibran"]
[Result "1-0"]
[WhiteElo "1866"]
[BlackElo "1580"]
[PlyCount "53"]
[EventDate "2011.12.26"]
[EventType "swiss"]
[EventRounds "9"]
[EventCountry "FRA"]
[SourceTitle "CBM 146 Extra"]
[Source "ChessBase"]
[SourceDate "2012.02.29"]
[SourceVersion "1"]
[SourceVersionDate "2012.02.29"]
[SourceQuality "1"]

1. d4 d5 2. c4 e6 3. Nc3 Nf6 4. Nf3 h6 5. e3 Nc6 6. Be2 Bb4 7. 0-0 0-0 8. a3 Bxc3 9. bxc3 Re8 10. cxd5 exd5 11. c4 dxc4 12. Bxc4 Na5 13. Bd3 Be6 14. Bd2 Nb3 15. Rb1 Nxd2 16. Qxd2 b6 17. Rfc1 Bd5 18. Qc2 Rc8 19. Nd2 Ng4 20. e4 Qh4 21. Nf3 Qf6 22. exd5 h5 23. Re1 Rxe1+ 24. Rxe1 g6 25. h3 Nh6 26. Qc6 Qf4 27. Re8+ 1-0

[Event "Marseille op 4th"]
[Site "Marseille"]
[Date "2011.12.26"]
[Round "2"]
[White "Damofli, Clement"]
[Black "Mohammed, Gibran"]
[Result "0-1"]
[WhiteElo "1270"]
[BlackElo "1580"]
[PlyCount "62"]
[EventDate "2011.12.26"]
[EventType "swiss"]
[EventRounds "9"]
[EventCountry "FRA"]
[SourceTitle "CBM 146 Extra"]
[Source "ChessBase"]
[SourceDate "2012.02.29"]
[SourceVersion "1"]
[SourceVersionDate "2012.02.29"]
[SourceQuality "1"]

1. e4 e5 2. Nf3 Nc6 3. Nc3 Nf6 4. Bc4 Bc5 5. 0-0 d6 6. b3 Bg4 7. Bb2 Nd4 8. Be2 Nxe2+ 9. Qxe2 0-0 10. Rad1 Nh5 11. Rc1 Qc8 12. Nd5 Qd7 13. h3 Be6 14. Ng5 Ng3 15. Qf3 Nxf1 16. Qh5 h6 17. Nxe6 fxe6 18. Rxf1 exd5 19. exd5 Qf7 20. Qg4 Qf5 21. Qg3 Rf6 22. Kh2 Rg6 23. Qh4 Qg5 24. Qxg5 Rxg5 25. f4 Rf5 26. g4 Rxf4 27. Rxf4 exf4 28. Kg2 g5 29. d4 Bb6 30. c4 Re8 31. Kf3 Re3+ 0-1